Construction project information committee (Record no. 120918)

MARC details
000 -LEADER
fixed length control field 01369cai a22002055a 4500
001 - CONTROL NUMBER
control field L153331
008 - FIXED-LENGTH DATA ELEMENTS--GENERAL INFORMATION
fixed length control field 110712u2011 xxk g 000 0 eng d
035 ## - SYSTEM CONTROL NUMBER
System control number (Sirsi) u153331
041 0# - LANGUAGE CODE
Language code of text/sound track or separate title eng
110 2# - MAIN ENTRY--CORPORATE NAME
Corporate name or jurisdiction name as entry element Construction Project Information Committee
9 (RLIN) 3694
245 00 - TITLE STATEMENT
Title Construction project information committee
Remainder of title promoting collaborative working within the construction industry
Medium [electronic resource]
520 ## - SUMMARY, ETC.
Summary, etc. CPIC is the Construction Project Information Committee, responsible for providing best practice guidance on the content, form and preparation of construction production information, and making sure this best practice is disseminated throughout the UK construction industry. The Committee is formed from representatives of the major industry institutions including RICS which ensures that the guidance provided has a solid foundation within all branches of the industry. CPIC is involved in developments such as Building Information Modelling ("BIM") and the Unified Classification for the Construction Industry ("Uniclass") which is a classification scheme for the construction industry.
590 ## - LOCAL NOTE (RLIN)
Local note KA NTK
651 #4 - SUBJECT ADDED ENTRY--GEOGRAPHIC NAME
Geographic name United Kingdom
Chronological subdivision
690 ## - LOCAL SUBJECT ADDED ENTRY--TOPICAL TERM (OCLC, RLIN)
Topical term or geographic name as entry element Project management
9 (RLIN) 6261
690 ## - LOCAL SUBJECT ADDED ENTRY--TOPICAL TERM (OCLC, RLIN)
Topical term or geographic name as entry element BIM
9 (RLIN) 6219
690 ## - LOCAL SUBJECT ADDED ENTRY--TOPICAL TERM (OCLC, RLIN)
Topical term or geographic name as entry element Procurement-old
856 40 - ELECTRONIC LOCATION AND ACCESS
Uniform Resource Identifier <a href="https://www.cpic.org.uk/en/">https://www.cpic.org.uk/en/</a>
Public note View the website free of charge at www.cpic.org.uk
942 ## - ADDED ENTRY ELEMENTS (KOHA)
Suppress in OPAC 0
Holdings
Withdrawn status Lost status Source of classification or shelving scheme Damaged status Not for loan Home library Current library Shelving location Date acquired Total Checkouts Full call number Barcode Date last seen Copy number Price effective from Koha item type
    Dewey Decimal Classification     Virtual Virtual Online 12/07/2011   WEB-SITE 153331-1001 06/08/2019 1 06/08/2019 Online material